[Event "Niteroi op 2nd"]
[Site "Niteroi"]
[Date "2022.09.03"]
[Round "4"]
[White "Valente, Gabriel Luis Cavalc"]
[Black "Das Chagas, David Ferreira"]
[Result "0-1"]
[WhiteElo "1800"]
[BlackElo "1989"]
[PlyCount "52"]
[EventDate "2022.09.01"]
[EventType "swiss"]
[EventRounds "9"]
[EventCountry "BRA"]
[SourceTitle "CBM 210 Extra"]
[Source "ChessBase"]
[SourceDate "2022.11.30"]
[SourceVersion "1"]
[SourceVersionDate "2022.11.30"]
[SourceQuality "1"]

1. c4 e5 2. g3 f5 3. Bg2 Nf6 4. e3 Nc6 5. Ne2 Be7 6. Nbc3 d6 7. 0-0 0-0 8. b3 Qe8 9. Nd5 Bd8 10. Bb2 Ne7 11. Nxf6+ gxf6 12. d4 Ng6 13. Rc1 Rb8 14. c5 e4 15. cxd6 cxd6 16. Ba3 Be7 17. Qd2 Bd7 18. Rc2 Qd8 19. Rfc1 Bb5 20. Nc3 Bd3 21. Rb2 Qa5 22. Na4 Qa6 23. Bb4 Rbc8 24. Nc3 Rc6 25. Nd5 Rfc8 26. Bh3 Rxc1+ 0-1

[Event "Florianopolis op 09"]
[Site "Florianopolis"]
[Date "2021.09.26"]
[Round "6"]
[White "Rodrigues Mota, Romulo Cardoso S"]
[Black "Das Chagas, David Ferreira"]
[Result "0-1"]
[WhiteElo "1767"]
[BlackElo "1993"]
[PlyCount "100"]
[EventDate "2021.09.24"]
[EventType "swiss"]
[EventRounds "6"]
[EventCountry "BRA"]
[SourceTitle "EXT 2024"]
[Source "ChessBase"]
[SourceDate "2023.10.10"]
[SourceVersion "1"]
[SourceVersionDate "2023.10.10"]
[SourceQuality "1"]

1. e4 h6 2. d4 e6 3. Nc3 d5 4. exd5 exd5 5. Nf3 Nf6 6. Bd3 Be7 7. 0-0 0-0 8. Re1 Bd6 9. Ne5 Nc6 10. Nb5 Bb4 11. Re3 Nxe5 12. dxe5 Ng4 13. Rg3 Qh4 14. h3 Bc5 15. Kf1 Nxf2 16. Qf3 Nh1 17. Bf4 Nxg3+ 18. Bxg3 Qe7 19. b4 Bb6 20. Re1 a6 21. Nc3 c6 22. a3 a5 23. b5 Be6 24. Na4 Bc5 25. Qh5 Bxa3 26. Bf4 f5 27. exf6 Qxf6 28. Kg1 Qxf4 29. Rxe6 Qc1+ 30. Kh2 Qf4+ 31. Kg1 Qf2+ 32. Kh2 Qf7 33. Qg4 Qf4+ 34. Qxf4 Rxf4 35. bxc6 Rxa4 36. c7 Rc8 37. c4 Rxc7 38. cxd5 Rd4 39. Bg6 Rxd5 40. h4 Rd8 41. h5 a4 42. Be8 Bd6+ 43. Kh3 a3 44. Ba4 Re7 45. Rg6 Re3+ 46. Kh4 Be7+ 47. Kg4 Rd4+ 48. Kf5 Rxa4 49. g4 Bf6 50. g5 Re5# 0-1

[Event "Florianopolis op 09"]
[Site "Florianopolis"]
[Date "2021.09.25"]
[Round "2"]
[White "Vicenzi, Liziane Nathalia"]
[Black "Das Chagas, David Ferreira"]
[Result "0-1"]
[WhiteElo "1501"]
[BlackElo "1993"]
[PlyCount "42"]
[EventDate "2021.09.24"]
[EventType "swiss"]
[EventRounds "6"]
[EventCountry "BRA"]
[SourceTitle "EXT 2023"]
[Source "ChessBase"]
[SourceDate "2022.10.05"]
[SourceVersion "1"]
[SourceVersionDate "2022.10.05"]
[SourceQuality "1"]

1. d4 Nf6 2. c4 e5 3. dxe5 Ng4 4. Nf3 Bc5 5. e3 Nc6 6. Be2 Ngxe5 7. 0-0 0-0 8. a3 a5 9. Nc3 d6 10. Qc2 Nxf3+ 11. Bxf3 Ne5 12. Be4 Kh8 13. b3 Qh4 14. g3 Qh5 15. Qe2 Ng4 16. f3 Nf6 17. Bb2 c6 18. Rad1 Re8 19. Rd3 Nxe4 20. Nxe4 Rxe4 21. g4 Bxg4 0-1

[Event "Timbo op"]
[Site "Timbo"]
[Date "2021.06.13"]
[Round "5"]
[White "Das Chagas, David Ferreira"]
[Black "Cordeiro, Marco Aurelio Zaror"]
[Result "0-1"]
[WhiteElo "1982"]
[BlackElo "2179"]
[PlyCount "68"]
[EventDate "2021.06.11"]
[EventType "swiss"]
[EventRounds "6"]
[EventCountry "BRA"]
[SourceTitle "EXT 2022"]
[Source "ChessBase"]
[SourceDate "2021.10.06"]
[SourceVersion "1"]
[SourceVersionDate "2021.10.06"]
[SourceQuality "1"]

1. e4 Nf6 2. d3 c5 3. f4 e6 4. Nf3 d5 5. e5 Ng8 6. Be2 Nh6 7. 0-0 Be7 8. Na3 0-0 9. c3 Nc6 10. Nc2 b5 11. d4 b4 12. Ne3 a5 13. g4 f6 14. Kh1 fxe5 15. fxe5 Nf7 16. Ng2 Qb6 17. Be3 Bd7 18. h4 a4 19. Rb1 a3 20. g5 axb2 21. Rxb2 Ra3 22. cxb4 cxd4 23. Nxd4 Rxe3 24. Nxe3 Nxd4 25. Bd3 Nxe5 26. Rxf8+ Bxf8 27. Bxh7+ Kxh7 28. Qh5+ Kg8 29. g6 Nxg6 30. Qxg6 Qc7 31. Rf2 Nf5 32. Ng4 Qc1+ 33. Kh2 Bd6+ 34. Kh3 Qc3+ 0-1

[Event "Parana-ch"]
[Site "Curitiba"]
[Date "2018.11.25"]
[Round "7"]
[White "Das Chagas, David Ferreira"]
[Black "Gonzalez, Bolivar Ribeiro"]
[Result "0-1"]
[WhiteElo "1981"]
[BlackElo "2196"]
[PlyCount "124"]
[EventDate "2018.11.22"]
[EventType "swiss"]
[EventRounds "7"]
[EventCountry "BRA"]
[SourceTitle "CBM 187 Extra"]
[Source "ChessBase"]
[SourceDate "2018.11.04"]
[SourceVersion "1"]
[SourceVersionDate "2018.11.04"]
[SourceQuality "1"]

1. e4 c5 2. Nc3 Nc6 3. Bb5 g6 4. Bxc6 dxc6 5. f4 Bg7 6. Nf3 Nf6 7. 0-0 Ng4 8. Qe1 c4 9. b3 cxb3 10. axb3 0-0 11. h3 Nf6 12. d3 Nd7 13. g4 f5 14. gxf5 gxf5 15. e5 Qe8 16. Qh4 Nc5 17. Ba3 Ne6 18. Ne2 c5 19. Kf2 b6 20. Rg1 Rf7 21. Ng5 Nf8 22. Qh5 e6 23. Qxf7+ Qxf7 24. Nxf7 Kxf7 25. Bc1 Bd7 26. Be3 a5 27. d4 cxd4 28. Bxd4 b5 29. c3 Ng6 30. Ke3 Bh6 31. Rgd1 Be8 32. Ra2 Bc6 33. c4 bxc4 34. bxc4 a4 35. Bc3 Rc8 36. Bd4 Be8 37. Rc1 Bc6 38. Ba1 Ra8 39. Rf1 Ra5 40. Kd4 Bf8 41. Bc3 Ra8 42. Ke3 Bh6 43. Rb1 Rc8 44. Rb4 Bf8 45. Rbxa4 Bxa4 46. Rxa4 Bh6 47. Kf3 Rd8 48. Ra7+ Kg8 49. Ke3 Bf8 50. Rc7 Rd1 51. Rc6 Rh1 52. Rxe6 Rxh3+ 53. Kd4 Rh2 54. Kd3 Rh3+ 55. Kd4 Rh2 56. Kd3 Rf2 57. Ke3 Rxe2+ 58. Kf3 Rc2 59. Bd4 Rxc4 60. Be3 Bh6 61. Rf6 Rc3 62. Kf2 Nxe5 0-1

[Event "Caioba Telecom op"]
[Site "Caioba"]
[Date "2018.08.04"]
[Round "8"]
[White "Boabaid, Jorge Alberto Duard"]
[Black "Das Chagas, David Ferreira"]
[Result "0-1"]
[WhiteElo "1819"]
[BlackElo "1958"]
[PlyCount "60"]
[EventDate "2018.08.01"]
[EventType "swiss"]
[EventRounds "9"]
[EventCountry "BRA"]
[SourceTitle "CBM 186 Extra"]
[Source "ChessBase"]
[SourceDate "2018.08.24"]
[SourceVersion "1"]
[SourceVersionDate "2018.08.24"]
[SourceQuality "1"]

1. e4 c5 2. Nf3 d6 3. d4 cxd4 4. Nxd4 Nf6 5. Nc3 a6 6. Bg5 e6 7. f4 Be7 8. Qf3 Qc7 9. Bd3 Nbd7 10. Qg3 b5 11. 0-0-0 b4 12. Na4 Qa5 13. b3 h6 14. Nc6 Qc7 15. Nxe7 Kxe7 16. e5 dxe5 17. fxe5 Qxe5 18. Bf4 Qa1+ 19. Kd2 Qd4 20. Be3 Ne4+ 21. Ke1 Nxg3 22. Bxd4 Nxh1 23. Be4 Rb8 24. g4 Bb7 25. Bxb7 Rxb7 26. Ke2 Rc8 27. c4 bxc3 28. Bxc3 Nc5 29. Nxc5 Rxc5 30. Rc1 Ke8 0-1

[Event "Caioba Telecom op"]
[Site "Caioba"]
[Date "2018.08.04"]
[Round "7"]
[White "Das Chagas, David Ferreira"]
[Black "Aranha Filho, Alvaro Zimmermann"]
[Result "0-1"]
[WhiteElo "1958"]
[BlackElo "2284"]
[PlyCount "44"]
[EventDate "2018.08.01"]
[EventType "swiss"]
[EventRounds "9"]
[EventCountry "BRA"]
[SourceTitle "CBM 186 Extra"]
[Source "ChessBase"]
[SourceDate "2018.08.24"]
[SourceVersion "1"]
[SourceVersionDate "2018.08.24"]
[SourceQuality "1"]

1. e4 d5 2. exd5 Nf6 3. Nc3 Nxd5 4. Bc4 Nc6 5. Bb3 Nf6 6. d3 Bf5 7. Be3 e6 8. g4 Bg6 9. Qe2 h5 10. 0-0-0 hxg4 11. Bxe6 fxe6 12. Bb6 axb6 13. Qxe6+ Ne7 14. Re1 Bf7 15. Qxg4 Qd7 16. Qf4 Bd5 17. Nxd5 Qxd5 18. Ne2 0-0-0 19. Nc3 Qc6 20. Qg4+ Kb8 21. h4 Ned5 22. Qg5 Bb4 0-1

[Event "Sao Paulo op-B U2050 7th"]
[Site "Sao Paulo"]
[Date "2018.04.01"]
[Round "5"]
[White "Das Chagas, David Ferreira"]
[Black "Sousa, Fabio de Fatima"]
[Result "1-0"]
[WhiteElo "1972"]
[BlackElo "1756"]
[PlyCount "141"]
[EventDate "2018.03.30"]
[EventType "swiss"]
[EventRounds "6"]
[EventCountry "BRA"]
[SourceTitle "EXT 2021"]
[Source "ChessBase"]
[SourceDate "2020.10.23"]
[SourceVersion "1"]
[SourceVersionDate "2020.10.23"]
[SourceQuality "1"]

1. d4 Nf6 2. c4 d5 3. Nc3 a6 4. e3 dxc4 5. Bxc4 b5 6. Qf3 Ra7 7. Bb3 e6 8. h4 Nbd7 9. Nge2 c5 10. 0-0 Be7 11. Rd1 c4 12. Bc2 Bb7 13. Qh3 0-0 14. Nf4 Nb6 15. Nce2 Kh8 16. h5 h6 17. f3 Nh7 18. Bxh7 Kxh7 19. e4 Bg5 20. Be3 Ra8 21. Kh1 Nc8 22. d5 e5 23. Qf5+ Kg8 24. Qxe5 Bf6 25. Qf5 Nd6 26. Qg4 Bc8 27. Qg3 Bxb2 28. Rab1 Bf6 29. Nd4 Bh4 30. Qh2 Bg5 31. Nc6 Qd7 32. Bc5 Re8 33. Nh3 Nb7 34. Bd4 Bh4 35. Qf4 Bd8 36. Qg3 f5 37. Be5 Qf7 38. Nf4 Nc5 39. Nxd8 Rxd8 40. Bd4 Nb7 41. e5 Qe7 42. d6 Qg5 43. Qxg5 hxg5 44. Nd5 Bd7 45. Bb6 Rf8 46. Nc7 Rac8 47. e6 Bxe6 48. Nxe6 Rf6 49. d7 Rb8 50. Bc7 Ra8 51. d8Q+ Nxd8 52. Rxd8+ Rxd8 53. Nxd8 Rf8 54. Ba5 Kh7 55. Ne6 Rc8 56. g4 fxg4 57. fxg4 c3 58. Nxg5+ Kg8 59. Rc1 c2 60. Kg2 Rc4 61. Kg3 Kf8 62. a3 Ke7 63. Nf3 Kf6 64. Ne1 Ra4 65. Bd8+ Ke6 66. Nxc2 a5 67. Bb6 Kd5 68. Rd1+ Kc6 69. Bd4 Rc4 70. Ne3 Ra4 71. Rd3 1-0

[Event "Sao Bento do Sul op 08"]
[Site "Sao Bento do Sul"]
[Date "2017.08.19"]
[Round "2"]
[White "Das Chagas, David Ferreira"]
[Black "Nunes Filho, Marcelo Adriano"]
[Result "1-0"]
[WhiteElo "1972"]
[BlackElo "1833"]
[PlyCount "65"]
[EventDate "2017.08.18"]
[EventType "swiss"]
[EventRounds "6"]
[EventCountry "BRA"]
[SourceTitle "EXT 2019"]
[Source "ChessBase"]
[SourceDate "2018.10.10"]
[SourceVersion "1"]
[SourceVersionDate "2018.10.10"]
[SourceQuality "1"]

1. d4 d5 2. c4 e6 3. Nc3 c6 4. e4 dxe4 5. Nxe4 Bb4+ 6. Nc3 Nf6 7. Be2 0-0 8. Nf3 Ne4 9. Qd3 Qa5 10. Qxe4 Bxc3+ 11. Kf1 Bb4 12. Ng5 Qf5 13. Qe3 f6 14. Bd3 Qxg5 15. Qh3 Qa5 16. Qxh7+ Kf7 17. Bg6+ Ke7 18. c5 Bxc5 19. Qxg7+ Kd8 20. dxc5 Qb5+ 21. Kg1 Qxc5 22. Be3 Qd6 23. Bh5 Nd7 24. Rd1 Qe7 25. Rxd7+ Bxd7 26. Qxe7+ Kxe7 27. Bc5+ Kd8 28. Bxf8 Kc7 29. Bg7 f5 30. Be5+ Kb6 31. h4 c5 32. Bf3 Rd8 33. h5 1-0

[Event "Curitiba IEP&Copel op"]
[Site "Curitiba"]
[Date "2017.05.14"]
[Round "6"]
[White "Caetano, Hugo Zanotti Mendon"]
[Black "Das Chagas, David Ferreira"]
[Result "1-0"]
[WhiteElo "2188"]
[BlackElo "1966"]
[PlyCount "107"]
[EventDate "2017.05.12"]
[EventType "swiss"]
[EventRounds "6"]
[EventCountry "BRA"]
[SourceTitle "CBM 178 Extra"]
[Source "ChessBase"]
[SourceDate "2017.06.22"]
[SourceVersion "1"]
[SourceVersionDate "2017.06.22"]
[SourceQuality "1"]

1. d4 Nf6 2. c4 e6 3. Nf3 d5 4. Nc3 c6 5. cxd5 exd5 6. Bg5 Be7 7. Qc2 0-0 8. e3 Ne4 9. Bxe7 Qxe7 10. Bd3 f5 11. 0-0 Be6 12. Ne5 Nd7 13. Nxd7 Bxd7 14. Rae1 Rae8 15. f3 Nd6 16. b4 b5 17. a3 Rf7 18. f4 Ra8 19. Re2 a6 20. Nb1 Nc4 21. Bxc4 bxc4 22. Nc3 a5 23. Rb1 axb4 24. axb4 Ra3 25. Qc1 Ra8 26. Qc2 Ra3 27. Qc1 Ra8 28. Qb2 Rff8 29. b5 cxb5 30. Nxd5 Qd6 31. Nc3 Rfb8 32. Qb4 Qxb4 33. Rxb4 Ra3 34. Rc2 Bc6 35. Kf2 Kf7 36. d5 Rxc3 37. Rxc3 Bxd5 38. e4 Bxe4 39. Rcxc4 bxc4 40. Rxb8 c3 41. Rc8 c2 42. Ke3 Bxg2 43. Rxc2 Be4 44. Ra2 h6 45. Ra6 Bc2 46. Kd4 Be4 47. Ke5 Bc2 48. h4 h5 49. Ra7+ Kf8 50. Ke6 Be4 51. Rc7 Kg8 52. Rc8+ Kh7 53. Kf7 g5 54. hxg5 1-0

[Event "Parana-ch"]
[Site "Pirai do Sul"]
[Date "2017.02.04"]
[Round "6"]
[White "Loss, Victor Pinheiro Cos"]
[Black "Das Chagas, David Ferreira"]
[Result "0-1"]
[WhiteElo "1299"]
[BlackElo "1952"]
[PlyCount "66"]
[EventDate "2017.02.01"]
[EventType "swiss"]
[EventRounds "8"]
[EventCountry "BRA"]
[SourceTitle "CBM 176 Extra"]
[Source "ChessBase"]
[SourceDate "2017.03.02"]
[SourceVersion "1"]
[SourceVersionDate "2017.03.02"]
[SourceQuality "1"]

1. e4 e5 2. Nf3 d6 3. Bc4 Be7 4. d4 exd4 5. Nxd4 Nf6 6. Nf5 Bxf5 7. exf5 Qd7 8. Bd3 Nc6 9. c3 0-0-0 10. b3 Rde8 11. 0-0 g6 12. f4 Bd8 13. Qc2 d5 14. fxg6 hxg6 15. f5 Ne4 16. fxg6 Qd6 17. h3 Qxg6 18. Kh2 Bf6 19. Bxe4 dxe4 20. Na3 Ne5 21. Nc4 Nd3 22. a4 Bh4 23. Be3 Bg3+ 24. Kg1 f5 25. Bf2 Bxf2+ 26. Rxf2 Nxf2 27. Kxf2 f4 28. Kf1 Qg3 29. Rc1 f3 30. Ne3 fxg2+ 31. Nxg2 Rhf8+ 32. Kg1 e3 33. Re1 Qf2+ 0-1

[Event "Parana-ch"]
[Site "Pirai do Sul"]
[Date "2017.02.02"]
[Round "2"]
[White "Delgado, Lidio Dias"]
[Black "Das Chagas, David Ferreira"]
[Result "1/2-1/2"]
[WhiteElo "2209"]
[BlackElo "1952"]
[PlyCount "77"]
[EventDate "2017.02.01"]
[EventType "swiss"]
[EventRounds "8"]
[EventCountry "BRA"]
[SourceTitle "CBM 176 Extra"]
[Source "ChessBase"]
[SourceDate "2017.03.02"]
[SourceVersion "1"]
[SourceVersionDate "2017.03.02"]
[SourceQuality "1"]

1. e4 e5 2. Nf3 Nc6 3. Bb5 a6 4. Ba4 b5 5. Bb3 Be7 6. 0-0 Nf6 7. Re1 0-0 8. d3 d6 9. c3 Na5 10. Bc2 c5 11. Nbd2 Nc6 12. Nf1 Re8 13. Ng3 Bf8 14. a4 Rb8 15. axb5 axb5 16. Bb3 Na5 17. Ba2 c4 18. d4 exd4 19. Nxd4 Nd7 20. Bb1 Nc5 21. Bc2 Be6 22. Be3 Nab3 23. Rb1 Qc7 24. f4 Na5 25. Qd2 Nc6 26. Ra1 Nb3 27. Bxb3 cxb3 28. Ra6 Na5 29. Qf2 Bc8 30. Rxa5 Qxa5 31. Nc6 Qc7 32. Nxb8 Qxb8 33. Bd4 b4 34. Qd2 bxc3 35. Qxc3 d5 36. e5 Ba6 37. Re3 Bc4 38. f5 Qb4 39. Kf2 1/2-1/2